| 000 | 00660nam a2200205 a 4500 | ||
|---|---|---|---|
| 001 | 000024161 | ||
| 005 | 20260120073950.0 | ||
| 008 | 110119s1987 xxu r 000 0 spa d | ||
| 020 | _z0311460847 | ||
| 040 |
_aDO-SdBNP _bspa _cBNPHU |
||
| 082 |
_a248.4 _bM423c |
||
| 100 | 1 |
_aMaston, T. B. _949611 |
|
| 245 | 1 | 0 |
_aCómo vivir en el mundo de hoy / _cT. B. Maston ; traducción Rubén Zorzoli. |
| 260 |
_aNew York, Estados Unidos : _bCasa Bautista de Publicaciones, _c1987. |
||
| 300 |
_a110 p. ; _c21.5 cm. |
||
| 650 | 0 |
_aVida cristiana _9668 |
|
| 650 | 0 |
_aVida espiritual _9268 |
|
| 650 | 0 |
_aEducación religiosa _9682 |
|
| 700 | 1 |
_aZorzoli, Rubén, _etr. _949612 |
|
| 999 |
_c23655 _d23655 |
||